Imiona nadane chłopcom w 2010 roku - Statystyki

Ogólne statystyki
  • Ten quiz został rozwiązany 79 razy
  • Średni wynik to 65 z 100
Statystyki odpowiedzi
Hint Odpowiedź % Poprawnych
J Jan
92%
P Paweł
92%
P Piotr
92%
J Jakub
91%
G Grzegorz
89%
K Kamil
89%
S Szymon
89%
A Adam
87%
T Tomasz
87%
B Bartłomiej
85%
B Bartosz
85%
F Filip
85%
F Franciszek
85%
K Kacper
85%
M Michał
85%
K Krzysztof
83%
Ł Łukasz
83%
A Aleks
81%
A Alex
81%
I Igor
79%
K Karol
79%
M Mateusz
79%
S Stanisław
79%
W Wojciech
79%
M Maciej
77%
M Marcin
77%
W Wiktor
77%
A Aleksander
75%
A Alexander
75%
D Damian
75%
R Robert
75%
A Antoni
74%
D David
74%
D Dawid
74%
D Dominik
74%
H Hubert
74%
M Marek
74%
M Mikołaj
74%
D Daniel
72%
E Eryk
72%
M Mariusz
72%
N Nikodem
72%
P Patryk
72%
M Miłosz
68%
O Oliver
68%
O Olivier
68%
O Oliwier
68%
O Oskar
68%
R Rafał
68%
A Andrzej
66%
K Krystian
66%
M Marcel
66%
N Natan
66%
S Sebastian
66%
T Tymoteusz
66%
C Cezary
64%
D Dariusz
64%
I Ignacy
64%
A Adrian
62%
A Arkadiusz
62%
K Kornel
62%
L Leon
62%
O Olaf
62%
A Artur
60%
J Jerzy
60%
J Julian
60%
K Kuba
60%
G Gabriel
58%
M Maksymilian
58%
M Maximilian
58%
R Radosław
58%
T Tymon
58%
A Alan
57%
E Emil
57%
P Przemysław
57%
B Błażej
55%
F Fabian
53%
K Konrad
53%
N Norbert
53%
X Xavier
53%
C Cyprian
51%
J Jacek
51%
K Ksawery
49%
B Borys
47%
J Juliusz
47%
N Nataniel
47%
W Witold
47%
G Gracjan
43%
B Brajan
42%
K Kajetan
42%
D Dorian
38%
T Tobiasz
38%
A Albert
34%
B Bruno
32%
I Iwo
30%
J Jędrzej
28%
S Samuel
28%
R Remigiusz
26%
K Kevin
21%
S Seweryn
21%
Nie znaleziono quizów pasujących do podanych kryteriów
Rozkład punktacji
Procent ludzi z każdym wynikiem
Percentyl według liczby udzielonych odpowiedzi
Twoja historia wyników
Nie rozwiązałeś tego quizu